Les stations aériennes du métro de Paris - Statistiques

Statistiques générales
  • Ce quiz a été pris 23 fois
  • Le résultat moyen est 16 sur 27
Statistiques - réponses
Lignes Stations % Correct
- Bastille
90%
Bir-Hakeim
85%
Barbès - Rochechouart
80%
Gare d'Austerlitz
80%
Stalingrad
80%
Glacière
75%
Jaurès
70%
Nationale
70%
Quai de la Rapée
70%
La-Motte-Picquet - Grenelle
65%
Passy
60%
Quai de la Gare
60%
Saint-Jacques
60%
Bel-Air
55%
Cambronne
55%
La Chapelle
55%
Chevaleret
50%
Corvisart
50%
Créteil - L'Echat
50%
Créteil - Préfecture
50%
Créteil - Université
50%
Dupleix
50%
Sèvres - Lecourbe
50%
Pointe du Lac (Créteil)
45%
Châtillon - Montrouge
30%
Malakoff - Rue Etienne Dolet
30%
Coteaux Beauclair
25%
Aucun quiz correspondant
Distribution des résultats
% des personnes avec chaque résultat
Percentile par nombre de réponses
Votre historique - résultats
Vous n’avez pas pris ce quiz